Квиз о Панами - Statistics

General Stats
  • This quiz has been taken 68 times
  • The average score is 7 of 14
Answer Stats
Опис Одговор % Correct
Званичан језик Шпански
96%
Државе са којима се граничи Колумбија
88%
Државе са којима се граничи Костарика
86%
Шта су САД изградиле у Панами између 1904 и 1914? Панамски канал
79%
Национални спорт Бејзбол
61%
Именуј једну од четири државе које имају више небодера по глави становника од Панаме Монако | Уједињени Арапски Емирати | Сингапур | Катар
58%
Коју грану безбедности је Панама укинула 1990? Војску
47%
Која држава је то исто покушала крајем 19. века? Француска
33%
Реч којом се означава уски појас копна који повезује две копнене масе Превлака
28%
Који диктатор је срушен са власти уз помоћ САД 1989? Мануел Норијега
23%
Који чувени скандал из 2015. је показао умешаност панамске адвокатске фирме која је помагала хиљадама богатих клијената да сакрију свој новац од опорезивања? Панамски {папири}
21%
Који шпански истраживач је открио пацифичку обалу Америке (панамска валута је названа по њему)? Васко Нуњез де Балбоа
18%
Који велшки пират је опљачкао Панаму 1671 (позната марка рума је названа по њему)? Хенри Морган
9%
Која шумска област нема путева и због тога није могуће путовати аутомобилом између Северне и Јужне Америке? Даријен
4%
No matching quizzes found
Score Distribution
Percent of People with Each Score
Percentile by Number Answered
Your Score History
You have not taken this quiz